<?xml version="1.0" encoding="UTF-8"?>
<record
    xmlns:xsi="http://www.w3.org/2001/XMLSchema-instance"
    xsi:schemaLocation="http://www.loc.gov/MARC21/slim http://www.loc.gov/standards/marcxml/schema/MARC21slim.xsd"
    xmlns="http://www.loc.gov/MARC21/slim">

  <leader>01742nam a22002297a 4500</leader>
  <controlfield tag="003">OSt</controlfield>
  <controlfield tag="005">20220930095616.0</controlfield>
  <controlfield tag="008">180208b        xxu||||| |||| 00| 0 eng d</controlfield>
  <datafield tag="010" ind1=" " ind2=" ">
    <subfield code="a">2007936300</subfield>
  </datafield>
  <datafield tag="020" ind1=" " ind2=" ">
    <subfield code="a">9781416032434</subfield>
  </datafield>
  <datafield tag="040" ind1=" " ind2=" ">
    <subfield code="c">LC</subfield>
  </datafield>
  <datafield tag="050" ind1=" " ind2=" ">
    <subfield code="a">RC76.J38</subfield>
  </datafield>
  <datafield tag="100" ind1=" " ind2=" ">
    <subfield code="q">Jarvis, Carolyn</subfield>
    <subfield code="9">459</subfield>
  </datafield>
  <datafield tag="245" ind1=" " ind2=" ">
    <subfield code="a">Physical examination &amp; health assessment. /</subfield>
    <subfield code="c">Carolyn Jarvis</subfield>
  </datafield>
  <datafield tag="250" ind1=" " ind2=" ">
    <subfield code="a">5th ed.</subfield>
  </datafield>
  <datafield tag="260" ind1=" " ind2=" ">
    <subfield code="a">St Louis, Missouri:</subfield>
    <subfield code="b">Elsevier/Saunders, </subfield>
    <subfield code="c">2008.</subfield>
  </datafield>
  <datafield tag="300" ind1=" " ind2=" ">
    <subfield code="a">xx, 902 p.:</subfield>
    <subfield code="b">ills.;</subfield>
  </datafield>
  <datafield tag="500" ind1=" " ind2=" ">
    <subfield code="a">Includes index.</subfield>
  </datafield>
  <datafield tag="505" ind1=" " ind2=" ">
    <subfield code="a">Contents: Assessment of the whole person: Critical thinking in health assessment -- Developmental tasks and health promotion across the life cycle --  Cultural competence: cultural care -- The interview -- The complete health history -- Mental status assessment -- Domestic violence assessment -- Approach to the clinical setting: Assessment techniques and the clinical setting -- General survey, measurement, vital signs -- Pain assessment: the fifth vital sign -- Nutritional assessment -- Physical examination: Skin, hair and nails -- Head, face and neck, including regional lymphatics, -- Eyes -- Ears -- Nose, mouth and throat -- Breasts and regional lymphatics -- Thorax and lungs -- Heart and neck vessels -- Peripheral vascular system and lymphatic system -- Abdomen -- Musculoskeletal system -- Neurologic system -- Male genitourinary system -- Anus, rectum and prostate -- Female genitourinary system -- Integration of the health system: The complete health assessment: putting it all together, -- Reassessment of the hospitalized adult -- The pregnant female -- Functional assessment of the older adult --</subfield>
  </datafield>
  <datafield tag="653" ind1=" " ind2=" ">
    <subfield code="a">Physical diagnosis. </subfield>
    <subfield code="a">Evidence-based medicine.</subfield>
  </datafield>
  <datafield tag="942" ind1=" " ind2=" ">
    <subfield code="2">lcc</subfield>
    <subfield code="c">BK</subfield>
  </datafield>
  <datafield tag="999" ind1=" " ind2=" ">
    <subfield code="c">9236</subfield>
    <subfield code="d">16736</subfield>
  </datafield>
  <datafield tag="952" ind1=" " ind2=" ">
    <subfield code="0">0</subfield>
    <subfield code="1">0</subfield>
    <subfield code="2">lcc</subfield>
    <subfield code="4">0</subfield>
    <subfield code="7">0</subfield>
    <subfield code="a">WIUC-KL</subfield>
    <subfield code="b">WIUC-KL</subfield>
    <subfield code="c">NURS L.</subfield>
    <subfield code="d">2019-11-28</subfield>
    <subfield code="l">0</subfield>
    <subfield code="o">RC76.J38(5e)</subfield>
    <subfield code="p">KSN/896/896/19</subfield>
    <subfield code="r">2022-09-30 00:00:00</subfield>
    <subfield code="w">2022-09-30</subfield>
    <subfield code="y">BK</subfield>
  </datafield>
  <datafield tag="952" ind1=" " ind2=" ">
    <subfield code="0">0</subfield>
    <subfield code="1">0</subfield>
    <subfield code="2">lcc</subfield>
    <subfield code="4">0</subfield>
    <subfield code="7">0</subfield>
    <subfield code="a">WIUC-KL</subfield>
    <subfield code="b">WIUC-KL</subfield>
    <subfield code="c">NURS L.</subfield>
    <subfield code="d">2023-02-02</subfield>
    <subfield code="l">0</subfield>
    <subfield code="o">RC76.J38(5e)</subfield>
    <subfield code="p">KSN/1127/074/23</subfield>
    <subfield code="r">2023-10-16 00:00:00</subfield>
    <subfield code="t">2</subfield>
    <subfield code="w">2022-09-30</subfield>
    <subfield code="y">BK</subfield>
  </datafield>
</record>
